| 000 | 01834nam a2200445 c 4500 | ||
|---|---|---|---|
| 999 |
_c75205 _d75205 |
||
| 003 | BLK | ||
| 005 | 20220315132232.0 | ||
| 008 | 180408b bul|||||r ||||||| ||bul|| | ||
| 010 | _aKNG00079617000 | ||
| 020 | _a978-954-91913-3-2 | ||
| 040 | _aBLK | ||
| 041 |
_aBUL _cBUL |
||
| 072 | 7 |
_2bullib _aЛ04 _xЛечебно хранене |
|
| 072 | 7 |
_2bullib _aЛ05 _xДруги методи |
|
| 080 |
_aМикробиология. Вж и 663 _b579 _z579 |
||
| 080 |
_b616.33/.35 _z616.33/.35 |
||
| 080 |
_aМикробиология на хранителните продукти. Подразделя се с отношение (Табл. Іb) към съответните деления на 663/664 _b579.67 _z579.67 |
||
| 100 | 1 |
_aЧомаков, Христо Вичев _eпърви автор _9371732 |
|
| 139 |
_aЧомаков, Христо Вичев _bЧ 91 |
||
| 245 | 1 | 0 |
_aПробиотици _bМинало, настояще и бъдеще _cХристо Вичев Чомаков. |
| 257 | _aBGR | ||
| 260 |
_bЕс принт _c2007 |
||
| 300 |
_a248 с. _bс ил. _c24 см |
||
| 380 | _a5 | ||
| 500 | _aОфс. изд. - Библиогр. с. 246-248. | ||
| 650 | 4 |
_aМикроорганизми _9162189 |
|
| 650 | 4 |
_aХраносмилателни органи - болести _9262006 |
|
| 650 | 4 |
_aХрани - състав _9253133 |
|
| 653 | _aпротобиотици | ||
| 653 | _aмикроорганизми | ||
| 653 | _aхраносмилателна система | ||
| 653 | _aхрани | ||
| 653 | _aвътрешни болести | ||
| 659 | _aЛ | ||
| 852 | _aЦб 237144 | ||
| 856 | 4 | _qpdf | |
| 856 | 4 | _qpdf | |
| 942 |
_cKNG _n0 _04 _s1 |
||
| 944 |
_aCR _c22.11.2007 _lф / _kЛюдмила_Стоянова |
||
| 944 |
_aED _c03.12.2014 _lф / _kЛюдмила_Стоянова |
||
| 999 | _d75205 | ||